Változás - belülről
Elmentve itt :
| Szerző: | |
|---|---|
| Dokumentumtípus: | Cikk |
| Megjelent: |
1967-02-09
|
| Sorozat: | Délmagyarország
57 No. 34 |
| Kulcsszavak: | Császár Lajos, Lantos Mártonné, Városgazdálkodási Vállalat, Brigádmunka Szeged 1967 |
| Online Access: | http://dmarchiv.bibl.u-szeged.hu/65226 |
| LEADER | 00520nab a2200157 i 4500 | ||
|---|---|---|---|
| 001 | delm65226 | ||
| 005 | 20180927151326.0 | ||
| 008 | 180927s1967 hu o 0|| hun d | ||
| 040 | |a SZTE Délmagyarország Archívum |b hun | ||
| 041 | |a hun | ||
| 100 | 1 | |a Kovács Attila | |
| 245 | 1 | 0 | |a Változás - belülről |h [elektronikus dokumentum] / |c Kovács Attila |
| 260 | |c 1967-02-09 | ||
| 300 | |a 5 | ||
| 490 | 0 | |a Délmagyarország |v 57 No. 34 | |
| 695 | |a Császár Lajos, Lantos Mártonné, Városgazdálkodási Vállalat, Brigádmunka Szeged 1967 | ||